[Event "N1 Reykjavik Open 2014"]
[Site "Reykjavik, Iceland"]
[Date "2014.03.05"]
[Round "3.47"]
[White "Johannsson, Orn Leo"]
[Black "Ekeberg, Carl Fredrik"]
[Result "0-1"]
[WhiteElo "1999"]
[BlackElo "2303"]
[PlyCount "70"]
[EventDate "2014.03.04"]

1. d4 Nf6 2. Nf3 e6 3. e3 b6 4. Bd3 Bb7 5. O-O c5 6. b3 Be7 7. Bb2 cxd4 8. Nxd4
a6 9. c4 O-O 10. Nc3 d6 11. Qe2 Nbd7 12. Rad1 Qc7 13. e4 Rfe8 14. Bb1 Bf8 15.
Rfe1 g6 16. Qd2 Rad8 17. Nde2 Qb8 18. Ng3 Bc6 19. f4 b5 20. cxb5 axb5 21. f5 b4
22. Nce2 e5 23. fxg6 hxg6 24. Nc1 Nc5 25. h4 Qb6 26. Kh1 Ng4 27. Qe2 Bd7 28.
Rf1 Bh6 29. Qf3 Rf8 30. Rde1 Rc8 31. Nd3 Nxd3 32. Bxd3 Qd8 33. Nf5 gxf5 34. g3
fxe4 35. Qxe4 Bc6 0-1

[Event "N1 Reykjavik Open 2014"]
[Site "Reykjavik, Iceland"]
[Date "2014.03.05"]
[Round "3.48"]
[White "Aubert, Carsten"]
[Black "Khademalsharieh, Sarasadat"]
[Result "0-1"]
[WhiteElo "1997"]
[BlackElo "2294"]
[PlyCount "120"]
[EventDate "2014.03.04"]

1. d4 Nf6 2. c4 e6 3. Nc3 Bb4 4. e3 c5 5. Nge2 cxd4 6. exd4 O-O 7. a3 Be7 8.
Nf4 d5 9. cxd5 Nxd5 10. Nfxd5 exd5 11. Be2 Nc6 12. Be3 Be6 13. O-O Re8 14. Na4
Bd6 15. Nc5 Qc7 16. h3 Bxc5 17. dxc5 d4 18. Bd2 Red8 19. b4 d3 20. Bg4 Bxg4 21.
Qxg4 Nd4 22. Kh1 f5 23. Qg5 Qf7 24. Rfe1 h6 25. Qh4 Rd7 26. Rad1 Nc2 27. Re5
Re8 28. Qg3 Rxe5 29. Qxe5 Nxa3 30. Bc3 Qd5 31. Kg1 Qxe5 32. Bxe5 Kf7 33. Bd6
Nc4 34. Rxd3 Nxd6 35. cxd6 Ke6 36. Kf1 Rxd6 37. Re3+ Kd7 38. Re5 g6 39. h4 h5
40. b5 Re6 41. Rc5 a6 42. bxa6 bxa6 43. f3 Kd6 44. Rc8 Kd5 45. g3 Rc6 46. Ra8
Kd4 47. Kf2 Re6 48. Rc8 Rb6 49. Ke2 Re6+ 50. Kd2 Kd5 51. Kd3 Rc6 52. Ra8 Kc5
53. Kc3 Kb5+ 54. Kb3 Re6 55. Rb8+ Kc5 56. Rg8 Kd4 57. Rc8 Re3+ 58. Kc2 Rxf3 59.
Rc6 Rxg3 60. Rxa6 Ke3 0-1

[Event "N1 Reykjavik Open 2014"]
[Site "Reykjavik, Iceland"]
[Date "2014.03.05"]
[Round "3.49"]
[White "Haldorsen, Benjamin"]
[Black "Vaarala, Eric"]
[Result "1-0"]
[WhiteElo "1994"]
[BlackElo "2285"]
[PlyCount "101"]
[EventDate "2014.03.04"]

1. e4 e6 2. d4 d5 3. Nc3 Bb4 4. Nge2 Nf6 5. Bg5 dxe4 6. a3 Be7 7. Bxf6 gxf6 8.
Nxe4 f5 9. N4c3 Bf6 10. Qd2 Nd7 11. g3 Nb6 12. O-O-O Bd7 13. Bg2 Qe7 14. Rhe1
O-O-O 15. Kb1 Qd6 16. Qf4 Bc6 17. Bxc6 Qxc6 18. Qh6 Be7 19. Rd3 Nc4 20. Nc1 Qb6
21. Nb3 Rdg8 22. Nd5 Qd6 23. Nxe7+ Qxe7 24. h4 Rg4 25. Qc1 Rd8 26. Qd1 Qf6 27.
Qe2 Re4 28. Qd1 c6 29. f3 Rxe1 30. Qxe1 Rg8 31. Qb4 Nb6 32. f4 Qd8 33. Nc5 Qc7
34. Rb3 Re8 35. a4 Re7 36. c4 Qd6 37. a5 Na8 38. Qc3 Qd8 39. a6 b6 40. Nb7 Qh8
41. Qf3 Rc7 42. Rd3 Kb8 43. d5 cxd5 44. cxd5 Qc8 45. Qd1 Rd7 46. Rc3 Qf8 47. d6
Qh8 48. Qa4 Qe8 49. Qb3 Qh8 50. Qb5 Qe8 51. Na5 1-0

[Event "N1 Reykjavik Open 2014"]
[Site "Reykjavik, Iceland"]
[Date "2014.03.05"]
[Round "3.50"]
[White "Ponomarenko, Alexandr"]
[Black "Omtvedt, Per"]
[Result "1-0"]
[WhiteElo "2274"]
[BlackElo "2008"]
[PlyCount "69"]
[EventDate "2014.03.04"]

1. e4 c5 2. Nf3 e6 3. d4 cxd4 4. Nxd4 Nc6 5. Be3 Qc7 6. Bd3 a6 7. O-O Nf6 8.
Nxc6 bxc6 9. c4 d6 10. Nc3 e5 11. h3 Be7 12. b3 Be6 13. Rc1 O-O 14. Nd5 cxd5
15. cxd5 Qd7 16. dxe6 fxe6 17. Qe2 Qb7 18. Bg5 Nd5 19. exd5 Bxg5 20. Rc6 exd5
21. Rxd6 Bf6 22. Rxd5 a5 23. Rd1 Ra7 24. Be4 Qe7 25. Qd2 Qb4 26. Qd3 h6 27. Qe2
Qe7 28. Rb5 Rd8 29. Rdd5 Rxd5 30. Bxd5+ Kh7 31. Qg4 g6 32. Rb6 Rc7 33. Be4 Qf7
34. h4 Kg7 35. h5 1-0

[Event "N1 Reykjavik Open 2014"]
[Site "Reykjavik, Iceland"]
[Date "2014.03.05"]
[Round "3.51"]
[White "Arvidsson, Jonas"]
[Black "Constantinou, Peter"]
[Result "0-1"]
[WhiteElo "1992"]
[BlackElo "2270"]
[PlyCount "88"]
[EventDate "2014.03.04"]

1. e4 g6 2. d4 Bg7 3. c4 Nc6 4. d5 Nd4 5. Nf3 c5 6. dxc6 dxc6 7. Nxd4 Bxd4 8.
Nc3 Nf6 9. f3 Be6 10. Qc2 Qb6 11. Na4 Qc7 12. Bd2 O-O 13. Bc3 Rfd8 14. O-O-O c5
15. b3 a6 16. Be2 Rab8 17. Bxd4 cxd4 18. Rd2 Rbc8 19. g3 b5 20. Nb2 Qb6 21. Kb1
Nd7 22. Ka1 bxc4 23. Bxc4 Ne5 24. f4 Bxc4 25. Nxc4 Nxc4 26. bxc4 Qc5 27. Rc1
Rb8 28. Rd3 Rb4 29. Rb3 Rxb3 30. Qxb3 e5 31. Qd3 Rc8 32. Rc2 a5 33. Rc1 Qd6 34.
fxe5 Qxe5 35. Rb1 Qc5 36. Rc1 h5 37. Rc2 Kg7 38. Rc1 Rc6 39. Rc2 Rc7 40. Rc1 a4
41. Rc2 a3 42. Rc1 Kh7 43. Rc2 Qb4 44. Qxd4 Qe1+ 0-1

[Event "N1 Reykjavik Open 2014"]
[Site "Reykjavik, Iceland"]
[Date "2014.03.05"]
[Round "3.52"]
[White "Grant, Jonathan I M"]
[Black "Valtysson, Thor"]
[Result "1-0"]
[WhiteElo "2255"]
[BlackElo "1998"]
[PlyCount "79"]
[EventDate "2014.03.04"]

1. c4 c6 2. g3 d5 3. Nf3 Nf6 4. Bg2 Bf5 5. cxd5 cxd5 6. Qb3 Bc8 7. d3 e6 8. Nc3
Nc6 9. Bf4 Be7 10. O-O O-O 11. e4 dxe4 12. dxe4 Qa5 13. e5 Nd7 14. Rfe1 a6 15.
Rac1 Nc5 16. Qc4 b5 17. Qe2 Bb7 18. Red1 Rfd8 19. Bg5 h6 20. Be3 Rxd1+ 21. Nxd1
Nd7 22. a3 Rc8 23. Bd2 Qb6 24. b4 Qd8 25. Nc3 Nb6 26. Rd1 Qe8 27. Ne4 Nc4 28.
Bc3 Rd8 29. h4 Rd7 30. g4 Qd8 31. Rxd7 Qxd7 32. g5 Nxa3 33. gxh6 Nxb4 34. h7+
Kh8 35. Nfg5 Bxg5 36. Nxg5 Nd5 37. Qh5 g6 38. Qh6 Qe8 39. Bxd5 Bxd5 40. Bb4 1-0

[Event "N1 Reykjavik Open 2014"]
[Site "Reykjavik, Iceland"]
[Date "2014.03.05"]
[Round "3.53"]
[White "Sigurdsson, Sverrir"]
[Black "Olafsson, Thorvardur"]
[Result "0-1"]
[WhiteElo "1980"]
[BlackElo "2254"]
[PlyCount "54"]
[EventDate "2014.03.04"]

1. e4 e5 2. Nf3 Nc6 3. Bb5 a6 4. Bxc6 dxc6 5. O-O f6 6. d4 Bg4 7. c3 Qe7 8.
dxe5 fxe5 9. Bg5 Nf6 10. Re1 h6 11. Bh4 g5 12. Bg3 Nd7 13. Nbd2 O-O-O 14. Qc2
h5 15. h4 Bh6 16. b4 Rdf8 17. Qd3 Qg7 18. a4 Rf6 19. b5 Rd6 20. Qc2 gxh4 21.
Bxh4 a5 22. c4 c5 23. Ra3 Rg8 24. g3 Rf8 25. Rd3 Qf7 26. Ree3 Bxe3 27. Rxe3
Rxd2 0-1

[Event "N1 Reykjavik Open 2014"]
[Site "Reykjavik, Iceland"]
[Date "2014.03.05"]
[Round "3.54"]
[White "Zeier, Klaus"]
[Black "Thiry, Jean-Christophe"]
[Result "1/2-1/2"]
[WhiteElo "2253"]
[BlackElo "1996"]
[PlyCount "70"]
[EventDate "2014.03.04"]

1. e4 e5 2. Nf3 d6 3. Bc4 Nf6 4. d3 Be7 5. Bb3 O-O 6. c3 c6 7. a4 a5 8. Nbd2
Nbd7 9. Nf1 d5 10. Qe2 Qc7 11. Ng3 Nc5 12. Bc2 dxe4 13. dxe4 Re8 14. O-O b6 15.
Nf5 Ba6 16. c4 Ne6 17. Ng5 Bc5 18. Nxe6 Rxe6 19. b3 g6 20. Nh6+ Kg7 21. Qd2 Ng8
22. Nxg8 Kxg8 23. Kh1 b5 24. axb5 cxb5 25. Qxa5 Bb6 26. Qd2 bxc4 27. bxc4 Rd8
28. Qb4 Qxc4 29. Qxc4 Bxc4 30. Rd1 Rxd1+ 31. Bxd1 Bxf2 32. Bh6 Ra6 33. Rc1 Be6
34. Bb3 Bd7 35. Rf1 Bb5 1/2-1/2

[Event "N1 Reykjavik Open 2014"]
[Site "Reykjavik, Iceland"]
[Date "2014.03.05"]
[Round "3.55"]
[White "Thorsteinsdottir, Hallgerdur"]
[Black "Wunnink, Michael"]
[Result "0-1"]
[WhiteElo "1967"]
[BlackElo "2251"]
[PlyCount "52"]
[EventDate "2014.03.04"]

1. d4 d5 2. c4 c6 3. Nf3 Nf6 4. e3 Bf5 5. Nc3 e6 6. cxd5 exd5 7. Be2 Bd6 8. a3
Nbd7 9. b4 b5 10. Qb3 a5 11. Bb2 Qe7 12. bxa5 Rxa5 13. O-O O-O 14. Nh4 Be6 15.
Bd3 Ne4 16. g3 Rfa8 17. Bxe4 dxe4 18. Qd1 Nf6 19. a4 Bg4 20. Qc2 b4 21. Nb1 Qd7
22. Nd2 Be2 23. Rfc1 Qh3 24. f3 Bxg3 25. hxg3 Qxg3+ 26. Ng2 Rg5 0-1

[Event "N1 Reykjavik Open 2014"]
[Site "Reykjavik, Iceland"]
[Date "2014.03.05"]
[Round "3.56"]
[White "Kernazhitsky, Leonid"]
[Black "Iclicki, Willy"]
[Result "1-0"]
[WhiteElo "2249"]
[BlackElo "1993"]
[PlyCount "67"]
[EventDate "2014.03.04"]

1. e4 c6 2. d4 d5 3. Nc3 dxe4 4. Nxe4 Bf5 5. Ng3 Bg6 6. h4 h6 7. Nf3 Nd7 8. h5
Bh7 9. Bd3 Bxd3 10. Qxd3 e6 11. Bf4 Qa5+ 12. Bd2 Qc7 13. O-O-O Ngf6 14. Ne4
Nxe4 15. Qxe4 Nf6 16. Qe2 O-O-O 17. c4 c5 18. Rh4 cxd4 19. Nxd4 a6 20. Kb1 Bc5
21. Nb3 Rd7 22. Rc1 Rhd8 23. Ba5 b6 24. Bc3 Qc6 25. f3 Qd6 26. Nxc5 Qxc5 27. g4
Rd3 28. Rhh1 Qe3 29. Qc2 Qf4 30. Qb3 Kb7 31. c5 b5 32. c6+ Ka7 33. Qc2 Qc4 34.
Qf2+ 1-0

[Event "N1 Reykjavik Open 2014"]
[Site "Reykjavik, Iceland"]
[Date "2014.03.05"]
[Round "3.57"]
[White "Hoffmann, Hendrik"]
[Black "Michalowski, Peter"]
[Result "1/2-1/2"]
[WhiteElo "2244"]
[BlackElo "1985"]
[PlyCount "147"]
[EventDate "2014.03.04"]

1. e4 c5 2. Nf3 d6 3. c3 Nf6 4. Be2 Nbd7 5. d3 b6 6. O-O Bb7 7. Nbd2 g6 8. Re1
Bg7 9. Nf1 O-O 10. h3 Qc7 11. Ng3 e5 12. Nh2 d5 13. Bf3 Rad8 14. Ng4 Nxg4 15.
hxg4 dxe4 16. Bxe4 Nf6 17. Bg5 Rd7 18. Bxf6 Bxf6 19. Qf3 Bg7 20. Rad1 Rfd8 21.
Nf1 Bxe4 22. dxe4 Qc6 23. Ne3 Rxd1 24. Rxd1 Rxd1+ 25. Nxd1 Bh6 26. Qd3 Bg5 27.
c4 Qe6 28. f3 Qf6 29. g3 h5 30. gxh5 gxh5 31. Kg2 h4 32. gxh4 Bf4 33. Qd7 Qxh4
34. Qg4+ Qxg4+ 35. fxg4 Kf8 36. Nc3 Bg5 37. Nb5 a5 38. Nc7 Bd8 39. Nd5 Ke8 40.
Kf3 Kd7 41. g5 Bxg5 42. Nxb6+ Ke6 43. Kg4 Bc1 44. b3 Be3 45. Nc8 Bc1 46. Na7
Be3 47. Nc6 Bd2 48. Nd8+ Kf6 49. Nb7 Bb4 50. Nd6 Bd2 51. Ne8+ Ke7 52. Nc7 Kf6
53. Nb5 Ke6 54. Nc7+ Kf6 55. Ne8+ Ke7 56. Ng7 Kf6 57. Nh5+ Kg6 58. Ng3 Kf6 59.
Kf3 Ke6 60. Ke2 Bf4 61. Nf5 Bh2 62. Kd3 Bg1 63. a3 Bf2 64. Nh6 Bd4 65. Kc2 Be3
66. Nf5 Bf2 67. Kd3 Bd4 68. b4 cxb4 69. axb4 axb4 70. Nxd4+ exd4 71. Kxd4 Kd6
72. c5+ Kc6 73. Kc4 b3 74. Kxb3 1/2-1/2

[Event "N1 Reykjavik Open 2014"]
[Site "Reykjavik, Iceland"]
[Date "2014.03.05"]
[Round "3.58"]
[White "Liang, Awonder"]
[Black "Mare, Eben"]
[Result "1-0"]
[WhiteElo "2237"]
[BlackElo "1967"]
[PlyCount "89"]
[EventDate "2014.03.04"]

1. Nf3 Nf6 2. g3 g6 3. Bg2 Bg7 4. O-O O-O 5. c4 d6 6. Nc3 c6 7. d4 Qa5 8. e4
Bg4 9. h3 Bxf3 10. Bxf3 e5 11. d5 cxd5 12. cxd5 Rc8 13. Be3 Nbd7 14. Qb3 a6 15.
a4 Bf8 16. Qa3 Qd8 17. a5 b5 18. axb6 Nxb6 19. Qa5 Nfd7 20. Bg4 Nc4 21. Qxd8
Rxd8 22. Bg5 f6 23. Bc1 h5 24. Be2 Rdc8 25. b3 Ne3 26. Bxe3 Rxc3 27. b4 f5 28.
Rxa6 Rxa6 29. Bxa6 f4 30. gxf4 exf4 31. Bxf4 Rb3 32. b5 Nc5 33. Be3 Bg7 34. Rc1
Bc3 35. Bc8 Nxe4 36. b6 Nc5 37. b7 Bb2 38. Rxc5 dxc5 39. Bf4 Kf8 40. b8=Q Rxb8
41. Bxb8 c4 42. Ba6 c3 43. Bd3 g5 44. d6 Ba3 45. Bc7 1-0

[Event "N1 Reykjavik Open 2014"]
[Site "Reykjavik, Iceland"]
[Date "2014.03.05"]
[Round "3.59"]
[White "Dolzhikova, Olga"]
[Black "Stolberg-Rohr, Thomine"]
[Result "1-0"]
[WhiteElo "2212"]
[BlackElo "1964"]
[PlyCount "57"]
[EventDate "2014.03.04"]

1. e4 e5 2. Nf3 Nc6 3. Bc4 Bc5 4. d3 Nf6 5. O-O a6 6. c3 d6 7. Bb3 Ba7 8. h3 h6
9. Re1 O-O 10. Nbd2 Be6 11. Bc2 b5 12. Nf1 b4 13. d4 exd4 14. cxd4 Bd7 15. Qd3
Bc8 16. Qc4 b3 17. Qxc6 Bd7 18. Qxa6 bxc2 19. Qd3 c5 20. d5 Re8 21. Qxc2 Qb6
22. N1d2 Bb5 23. b3 Re7 24. Bb2 Nh5 25. Nc4 Qa6 26. Nh4 Bd7 27. Qc3 Rae8 28.
Qf3 g6 29. g4 1-0

[Event "N1 Reykjavik Open 2014"]
[Site "Reykjavik, Iceland"]
[Date "2014.03.05"]
[Round "3.60"]
[White "Saraiva, Alexandre Pacheco"]
[Black "Zoldan, Matteo"]
[Result "0-1"]
[WhiteElo "1963"]
[BlackElo "2209"]
[PlyCount "42"]
[EventDate "2014.03.04"]

1. c4 g6 2. Nf3 Bg7 3. Nc3 d6 4. g3 e5 5. Bg2 Nc6 6. O-O Nf6 7. d3 h6 8. h3 O-O
9. e4 Nd7 10. a3 a5 11. Bd2 Nc5 12. Qc2 a4 13. Rad1 f5 14. Nd5 fxe4 15. dxe4
Rxf3 16. Bxf3 Nd4 17. Qc3 c6 18. Nb4 Qf8 19. Kg2 Nxf3 20. Be3 Nxe4 21. Qc2 Neg5
0-1

[Event "N1 Reykjavik Open 2014"]
[Site "Reykjavik, Iceland"]
[Date "2014.03.05"]
[Round "3.61"]
[White "Christiansen, Johan-Sebastian"]
[Black "Longo, Tyler"]
[Result "0-1"]
[WhiteElo "2209"]
[BlackElo "1961"]
[PlyCount "176"]
[EventDate "2014.03.04"]

1. c4 e6 2. g3 d5 3. Bg2 Nf6 4. Nf3 dxc4 5. Qa4+ c6 6. Qxc4 b5 7. Qc2 Bb7 8.
Nc3 Nbd7 9. a4 a6 10. O-O Be7 11. Re1 O-O 12. d3 Rc8 13. h3 Qb6 14. e4 e5 15.
Bg5 h6 16. Be3 c5 17. Nh4 Rfd8 18. Nf5 Bf8 19. Qb3 Bc6 20. Kh2 bxa4 21. Qc2 Rb8
22. Re2 Qb3 23. Qc1 Nb6 24. Rd2 Rd7 25. Bf1 c4 26. Bxb6 Qxb6 27. Ne3 cxd3 28.
Bg2 Bc5 29. Nc4 Qc7 30. Nxa4 Bb4 31. Nc3 Bxc3 32. Qxc3 Nxe4 33. Bxe4 Bxe4 34.
Nxe5 Qxc3 35. bxc3 Rd6 36. f3 Bh7 37. Rad1 Re8 38. Ng4 Rc8 39. Ne3 Rxc3 40. Kg2
Kf8 41. Kf2 Rdc6 42. Rb1 Rc1 43. Rb8+ Rc8 44. Rdb2 a5 45. Rxc8+ Rxc8 46. Ke1
Rc5 47. Rb7 g5 48. Kd2 h5 49. Rb6 Bg6 50. h4 Ke7 51. Ra6 Kd7 52. hxg5 Rxg5 53.
Ra7+ Ke6 54. f4 Rc5 55. Ra6+ Ke7 56. Rb6 Be4 57. Ra6 Rb5 58. Nc4 Rb4 59. Ne3
Rb2+ 60. Kc3 Re2 61. Nd1 Rc2+ 62. Kd4 f5 63. Ne3 Ra2 64. Ra7+ Kd8 65. Ra6 Kc7
66. Kc3 d2 67. Rf6 a4 68. Rf7+ Kc6 69. Rf8 Bf3 70. Rd8 d1=Q 71. Nxd1 Bxd1 72.
Rxd1 Ra3+ 73. Kd4 Rxg3 74. Ke5 h4 75. Kxf5 h3 76. Rh1 a3 77. Rh2 Kd5 78. Kf6
Ke4 79. f5 Kf4 80. Rf2+ Rf3 81. Ra2 Kg3 82. Kg7 h2 83. Ra1 Kg2 84. Ra2+ Rf2 85.
Rxf2+ Kxf2 86. f6 h1=Q 87. f7 Qf3 88. Kh8 a2 0-1

[Event "N1 Reykjavik Open 2014"]
[Site "Reykjavik, Iceland"]
[Date "2014.03.05"]
[Round "3.63"]
[White "Rydstrom, Tom"]
[Black "Andersen, Niels Erik"]
[Result "0-1"]
[WhiteElo "2198"]
[BlackElo "1940"]
[PlyCount "92"]
[EventDate "2014.03.04"]

1. d4 d5 2. Nc3 Nf6 3. Bg5 e6 4. Nf3 Be7 5. e3 Nbd7 6. Be2 c5 7. O-O O-O 8. h3
b6 9. Bf4 a6 10. Ne5 Bb7 11. Nb1 Rc8 12. c3 Nb8 13. Nd2 Nc6 14. Bd3 Nxe5 15.
Bxe5 Nd7 16. Bh2 Bf6 17. Qe2 b5 18. a4 c4 19. Bc2 Qb6 20. axb5 axb5 21. f4 g6
22. g4 Ra8 23. Rab1 Rfe8 24. h4 Ra2 25. h5 b4 26. hxg6 hxg6 27. Nf3 Bg7 28. Qg2
Bc8 29. Rf2 Qa5 30. f5 b3 31. Bd1 Nf8 32. fxg6 Nxg6 33. Qh3 Qd8 34. Bg3 e5 35.
Rh2 exd4 36. exd4 Qb6 37. Qh5 Qe6 38. Ng5 Qe3+ 39. Bf2 Qd3 40. Rc1 Rxb2 41. Bf3
Rb1 42. Qh7+ Kf8 43. Rxb1 Qxb1+ 44. Kg2 Qd3 45. Nxf7 Kxf7 46. Bxd5+ Be6 0-1

[Event "N1 Reykjavik Open 2014"]
[Site "Reykjavik, Iceland"]
[Date "2014.03.05"]
[Round "3.64"]
[White "Schou-Moldt, Thomas"]
[Black "Plater, Ronald"]
[Result "1-0"]
[WhiteElo "2191"]
[BlackElo "1938"]
[PlyCount "55"]
[EventDate "2014.03.04"]

1. e4 c5 2. Nf3 e6 3. d4 cxd4 4. Nxd4 a6 5. Be2 Nf6 6. Nc3 d6 7. Be3 Be7 8. Qd2
Nc6 9. f4 Bd7 10. g4 O-O 11. g5 Ne8 12. h4 Rc8 13. Nxc6 Bxc6 14. Bg4 Bd7 15.
O-O-O Qa5 16. Kb1 Rxc3 17. Qxc3 Qxc3 18. bxc3 Bc6 19. Rd4 Nc7 20. c4 f5 21.
gxf6 Bxf6 22. Rxd6 Bxe4 23. Rg1 Bxh4 24. Rd7 Rf7 25. Rd2 Bf6 26. Bb6 h6 27. Bh5
Re7 28. Bc5 1-0

[Event "N1 Reykjavik Open 2014"]
[Site "Reykjavik, Iceland"]
[Date "2014.03.05"]
[Round "3.65"]
[White "Bjornsson, Eirikur K"]
[Black "Van Weersel, Arlette"]
[Result "1/2-1/2"]
[WhiteElo "1958"]
[BlackElo "2176"]
[PlyCount "57"]
[EventDate "2014.03.04"]

1. d4 Nf6 2. c4 g6 3. Nc3 d5 4. Nf3 Bg7 5. cxd5 Nxd5 6. Qb3 Nb6 7. Bg5 Be6 8.
Qc2 h6 9. Bh4 Nc6 10. Rd1 Nb4 11. Qb1 O-O 12. e3 Bf5 13. e4 Bg4 14. Be2 c6 15.
a3 Na6 16. O-O Nc7 17. Ne5 Bxe2 18. Nxe2 Nd7 19. f4 Nb5 20. Qa2 Nxe5 21. dxe5
Qe8 22. Qc4 Rd8 23. a4 Nc7 24. Qc5 g5 25. fxg5 Ne6 26. Qe3 Bxe5 27. gxh6 Kh7
28. Qf3 Kh8 29. Qh5 1/2-1/2

[Event "N1 Reykjavik Open 2014"]
[Site "Reykjavik, Iceland"]
[Date "2014.03.05"]
[Round "3.66"]
[White "Derraugh, Geordie"]
[Black "Ferreira, Alex"]
[Result "0-1"]
[WhiteElo "2173"]
[BlackElo "1933"]
[PlyCount "114"]
[EventDate "2014.03.04"]

1. e4 d5 2. exd5 Qxd5 3. Nc3 Qd6 4. d4 a6 5. g3 Nc6 6. d5 Ne5 7. Bf4 g5 8. Bxg5
Bg7 9. Qe2 Bg4 10. Qe4 Nf6 11. Bxf6 Qxf6 12. Be2 Bxe2 13. Ncxe2 Qb6 14. Rb1
O-O-O 15. Nc3 Kb8 16. Nge2 f5 17. Qf4 e6 18. O-O exd5 19. Qxf5 Rhf8 20. Qxh7
Rf7 21. Kg2 Rh8 22. Nxd5 Rxh7 23. Nxb6 cxb6 24. Rbd1 Nf3 25. h4 Bxb2 26. Rd3
Ne5 27. Rb3 Nc4 28. c3 Ba3 29. Nf4 Bc5 30. Re1 Rhg7 31. Nd3 Bd6 32. Re4 Nd2 33.
Re8+ Kc7 34. Rb2 Kd7 35. Re1 Nf3 36. Rd1 Nxh4+ 37. Kh3 Nf3 38. Nf4 Kc6 39.
Rxd6+ Kxd6 40. Rxb6+ Kc5 41. Rb4 Ng5+ 42. Kg2 Rd7 43. Ne2 Rge7 44. Nc1 b5 45.
Nb3+ Kc6 46. a4 Ne4 47. axb5+ axb5 48. Nd4+ Rxd4 49. cxd4 Nd6 50. Kf3 Kd5 51.
Kg4 Re4+ 52. f4 Rxd4 53. Rb1 b4 54. Kg5 Ne4+ 55. Kh4 Nd2 56. Rc1 b3 57. Rc8 b2
0-1

[Event "N1 Reykjavik Open 2014"]
[Site "Reykjavik, Iceland"]
[Date "2014.03.05"]
[Round "3.67"]
[White "Bjornsson, Bjorn Freyr"]
[Black "Jorgensen, Line Jin"]
[Result "1-0"]
[WhiteElo "2158"]
[BlackElo "1923"]
[PlyCount "59"]
[EventDate "2014.03.04"]

1. d4 d5 2. e3 Nf6 3. Bd3 e6 4. Nd2 c5 5. c3 Nc6 6. f4 Bd6 7. Nh3 Qc7 8. O-O
Bd7 9. Nf3 O-O-O 10. Ne5 Rdf8 11. b3 Be8 12. Bb2 Kb8 13. Rc1 Ne4 14. Bxe4 dxe4
15. Ng5 Be7 16. Nxe4 f6 17. Nd3 cxd4 18. cxd4 Bf7 19. Qf3 Qb6 20. Nec5 Rd8 21.
Rf2 h5 22. Rfc2 Rhg8 23. Nxb7 Qxb7 24. Rxc6 Rd7 25. Nc5 Bxc5 26. R1xc5 g5 27.
fxg5 fxg5 28. a4 a6 29. a5 Ka7 30. Qe2 1-0

[Event "N1 Reykjavik Open 2014"]
[Site "Reykjavik, Iceland"]
[Date "2014.03.05"]
[Round "3.68"]
[White "Djurhuus, Eivind X"]
[Black "Beltz, Franziska"]
[Result "0-1"]
[WhiteElo "1953"]
[BlackElo "2155"]
[PlyCount "50"]
[EventDate "2014.03.04"]

1. c4 Nf6 2. Nc3 d5 3. cxd5 Nxd5 4. Nf3 g6 5. Qb3 Nb6 6. d4 Bg7 7. e4 O-O 8.
Be3 Bg4 9. O-O-O Nc6 10. d5 Ne5 11. h3 Bd7 12. Nxe5 Bxe5 13. f4 Bg7 14. g4 c6
15. dxc6 bxc6 16. Be2 Rb8 17. Qc2 Qc7 18. e5 Qb7 19. Rd2 Nd5 20. Nxd5 cxd5 21.
Kb1 d4 22. Rhd1 Rfc8 23. Qb3 Qc7 24. Qc2 Qa5 25. Qe4 Be6 0-1

[Event "N1 Reykjavik Open 2014"]
[Site "Reykjavik, Iceland"]
[Date "2014.03.05"]
[Round "3.69"]
[White "Marentini, Marcel"]
[Black "Finnbogadottir, Tinna Kristin"]
[Result "1-0"]
[WhiteElo "2155"]
[BlackElo "1921"]
[PlyCount "107"]
[EventDate "2014.03.04"]

1. c4 g6 2. g3 Bg7 3. Bg2 c5 4. Nc3 Nf6 5. e3 O-O 6. Nge2 d6 7. O-O Nc6 8. d4
Bf5 9. d5 Ne5 10. e4 Bd7 11. b3 Qc8 12. f4 Neg4 13. h3 Nh6 14. Kh2 Kh8 15. Qd3
Nhg8 16. Bd2 h5 17. f5 Kh7 18. fxg6+ fxg6 19. Nf4 Nh6 20. Rae1 b6 21. Ne6 Bxe6
22. dxe6 Qxe6 23. e5 dxe5 24. Bxa8 Rxa8 25. Ne4 Nxe4 26. Qxe4 Rd8 27. Bxh6 Kxh6
28. Rd1 Rd4 29. Rxd4 cxd4 30. Kg2 Qd6 31. g4 Qa3 32. Rf2 Qc1 33. Rc2 Qf4 34.
Qxf4+ exf4 35. Kf3 e5 36. gxh5 Kxh5 37. Rg2 Bf6 38. Ke4 Kh6 39. b4 Bh4 40. c5
bxc5 41. bxc5 Be7 42. c6 Bd6 43. Rb2 Kg5 44. Rb3 Kf6 45. Rb7 Ke6 46. Rg7 f3 47.
Rxg6+ Kf7 48. Rg3 Ke6 49. Rxf3 Bc7 50. h4 Kd6 51. h5 Kxc6 52. h6 Bd8 53. h7 d3
54. h8=Q 1-0

[Event "N1 Reykjavik Open 2014"]
[Site "Reykjavik, Iceland"]
[Date "2014.03.05"]
[Round "3.70"]
[White "Chernukhin, Alexander"]
[Black "Meier, Gerd"]
[Result "1-0"]
[WhiteElo "2135"]
[BlackElo "1901"]
[PlyCount "57"]
[EventDate "2014.03.04"]

1. c4 Nf6 2. Nc3 e5 3. g3 g6 4. Bg2 Bg7 5. Nf3 d6 6. O-O O-O 7. d3 Nc6 8. Rb1
a5 9. a3 Nh5 10. b4 axb4 11. axb4 f5 12. b5 Ne7 13. Bb2 f4 14. Ne4 h6 15. d4
Bf5 16. Nh4 Be6 17. dxe5 dxe5 18. Qb3 fxg3 19. hxg3 c6 20. Nc5 Bc8 21. Be4 g5
22. Ng6 Nxg6 23. Bxg6 Nf6 24. Bxe5 b6 25. Rbd1 Qe7 26. Bd6 Qxe2 27. Bxf8 Bxf8
28. Rfe1 Qg4 29. Ne4 1-0

[Event "N1 Reykjavik Open 2014"]
[Site "Reykjavik, Iceland"]
[Date "2014.03.05"]
[Round "3.71"]
[White "Sigurjonsson, Siguringi"]
[Black "Thorhallsson, Gylfi"]
[Result "0-1"]
[WhiteElo "1948"]
[BlackElo "2130"]
[PlyCount "90"]
[EventDate "2014.03.04"]

1. Nf3 d5 2. c4 c6 3. e3 Nf6 4. Nc3 e6 5. Qc2 Nbd7 6. b3 Be7 7. Bb2 O-O 8. Be2
Re8 9. Rg1 a6 10. g4 Nf8 11. g5 N6d7 12. h4 b5 13. h5 bxc4 14. bxc4 Rb8 15. Nd4
Ne5 16. f4 c5 17. Nf3 Nxf3+ 18. Bxf3 Bb7 19. Ne2 Bc6 20. Kf2 Rb4 21. d3 Qd7 22.
Rab1 Reb8 23. a3 Ba4 24. Qc3 d4 25. exd4 Rb3 26. Qd2 cxd4 27. Be4 Bxa3 28. Bxd4
Rxb1 29. Rxb1 Rxb1 30. Qa2 Qxd4+ 31. Nxd4 Rb2+ 32. Qxb2 Bxb2 33. Nc6 Nd7 34.
Ne7+ Kf8 35. Nc8 Bd4+ 36. Kf3 Bd1+ 37. Kg3 a5 38. g6 hxg6 39. hxg6 a4 40. Nd6
fxg6 41. Nb5 Bb2 42. Bc6 Nb8 43. Bf3 Bxf3 44. Kxf3 a3 45. Nxa3 Bxa3 0-1

[Event "N1 Reykjavik Open 2014"]
[Site "Reykjavik, Iceland"]
[Date "2014.03.05"]
[Round "3.72"]
[White "Bjornsson, Sverrir Orn"]
[Black "Gardarsson, Halldor"]
[Result "1-0"]
[WhiteElo "2126"]
[BlackElo "1895"]
[PlyCount "75"]
[EventDate "2014.03.04"]

1. d4 Nf6 2. c4 e6 3. Nc3 c5 4. d5 exd5 5. cxd5 d6 6. e4 a6 7. a4 g6 8. Nf3 Bg7
9. Nd2 O-O 10. Be2 b6 11. O-O Re8 12. Qc2 Nfd7 13. Ra3 f5 14. Re1 fxe4 15.
Ndxe4 Nf6 16. Bg5 Ra7 17. Raa1 Kf7 18. Bd3 Rae7 19. f3 Bb7 20. Bf4 Nxe4 21.
Nxe4 Be5 22. Bg5 Bxd5 23. Bxe7 Qxe7 24. Bc4 Bxc4 25. Qxc4+ Kg7 26. Rad1 Bd4+
27. Rxd4 cxd4 28. Qxd4+ Qe5 29. Rd1 Re6 30. Qxb6 d5 31. Qb7+ Re7 32. Qxd5 Qxb2
33. Qd4+ Qxd4+ 34. Rxd4 Rd7 35. Rb4 Rd1+ 36. Kf2 Nd7 37. Rb7 Kf8 38. Ra7 1-0

[Event "N1 Reykjavik Open 2014"]
[Site "Reykjavik, Iceland"]
[Date "2014.03.05"]
[Round "3.73"]
[White "Sigeman, Johan"]
[Black "Jonsson, Olafur Gisli"]
[Result "1-0"]
[WhiteElo "2123"]
[BlackElo "1890"]
[PlyCount "123"]
[EventDate "2014.03.04"]

1. c4 e5 2. Nc3 Nf6 3. Nf3 Nc6 4. e3 d6 5. d4 exd4 6. exd4 Be7 7. Be2 O-O 8.
O-O Bg4 9. h3 Bh5 10. d5 Nb8 11. Be3 Nbd7 12. b4 Re8 13. Nd4 Bxe2 14. Qxe2 Bf8
15. Nb3 g6 16. Qc2 Ne5 17. Nd2 Bg7 18. Rfe1 Nh5 19. Rac1 f5 20. f4 Nd7 21. Nf3
Nb6 22. Qd3 Bh6 23. Ne2 Re4 24. g3 Qd7 25. Bf2 Rae8 26. Ned4 Nf6 27. Nd2 Rxe1+
28. Rxe1 Rxe1+ 29. Bxe1 c6 30. dxc6 bxc6 31. b5 cxb5 32. cxb5 d5 33. Nc6 Ne4
34. Nf3 Bf8 35. Nfe5 Bc5+ 36. Kg2 Qg7 37. a4 Nf6 38. a5 Nc8 39. Bc3 Nd6 40. Nf3
Nde4 41. Be5 h6 42. Qb3 Kh7 43. b6 axb6 44. a6 Qd7 45. Qa4 d4 46. a7 b5 47. Qa6
Bxa7 48. Qxa7 d3 49. Bxf6 Nxf6 50. Qxd7+ Nxd7 51. Kf2 Nf6 52. Ke3 Ne4 53. g4
fxg4 54. hxg4 Nf6 55. Nce5 Nd5+ 56. Ke4 Nxf4 57. Kxf4 g5+ 58. Kf5 h5 59. gxh5
Kh6 60. Kg4 b4 61. Nxd3 b3 62. Nb2 1-0